Wireless communications security : solutions for the internet of things (Record no. 61808)
[ view plain ]
| 000 -LEADER | |
|---|---|
| fixed length control field | 00965nam a2200241 a 4500 |
| 001 - CONTROL NUMBER | |
| control field | 19133502 |
| 008 - FIXED-LENGTH DATA ELEMENTS--GENERAL INFORMATION | |
| fixed length control field | 181022s2017 ||||||||||||||||| || u |
| 010 ## - LIBRARY OF CONGRESS CONTROL NUMBER | |
| LC control number | 2016023030 |
| 020 ## - INTERNATIONAL STANDARD BOOK NUMBER | |
| International Standard Book Number | 9781119084396 |
| 050 ## - LIBRARY OF CONGRESS CALL NUMBER | |
| Classification number | TK 5103.2 Pen |
| 100 ## - MAIN ENTRY--PERSONAL NAME | |
| Personal name | Penttinen, Jyrki T. J |
| 245 10 - TITLE STATEMENT | |
| Title | Wireless communications security : solutions for the internet of things |
| Statement of responsibility, etc. | By Jyrki T. J. Penttinen |
| 260 ## - PUBLICATION, DISTRIBUTION, ETC. | |
| Place of publication, distribution, etc. | United Kingdom: |
| Name of publisher, distributor, etc. | John Wiley & Sons Ltd |
| Date of publication, distribution, etc. | 2017 |
| 300 ## - PHYSICAL DESCRIPTION | |
| Extent | xxvii, 305p.: ill. |
| 336 ## - CONTENT TYPE | |
| Content type term | text |
| Source | rdacontent |
| 337 ## - MEDIA TYPE | |
| Media type term | unmediated |
| Source | rdamedia |
| 338 ## - CARRIER TYPE | |
| Carrier type term | volume |
| Source | rdacarrier |
| 500 ## - GENERAL NOTE | |
| General note | Includes bibliographical references and index |
| 650 #0 - SUBJECT ADDED ENTRY--TOPICAL TERM | |
| Topical term or geographic name entry element | INTERNET-SECURITY MEASURES |
| 650 #0 - SUBJECT ADDED ENTRY--TOPICAL TERM | |
| Topical term or geographic name entry element | COMPUTER NETWORKS--SECURITY MEASURES |
| 650 #0 - SUBJECT ADDED ENTRY--TOPICAL TERM | |
| Topical term or geographic name entry element | WIRELESS COMMUNICATION SYSTEMS--SECURITY MEASURES |
| 995 ## - RECOMMENDATION 995 [LOCAL, UNIMARC FRANCE] | |
| -- | CBU-MAIN LIBRARY (Kitwe) |
| -- | 106.35 |
| -- | 1 |
| -- | AVAILABLE |
| -- | Oct 22, 2018 |
| -- | Main Library Open Access Collection |
| Withdrawn status | Lost status | Source of classification or shelving scheme | Damaged status | Not for loan | Home library | Current library | Shelving location | Date acquired | Total Checkouts | Full call number | Barcode | Date last seen | Price effective from | Koha item type |
|---|---|---|---|---|---|---|---|---|---|---|---|---|---|---|
| CBU-MAIN LIBRARY, KITWE. | CBU-MAIN LIBRARY, KITWE. | 11/30/2022 | TK 5103.2 Pen | 748749 | 11/30/2022 | 11/30/2022 | MONOGRAPH |